Country Compass - France - Statistics

General Stats
  • This quiz has been taken 10 times
  • The average score is 13 of 18
Answer Stats
Answer % Correct
Kazakhstan
100%
Russia
100%
Afghanistan
83%
Iran
83%
Republic of the Congo
83%
Saudi Arabia
83%
Turkmenistan
83%
Uzbekistan
83%
Yemen
83%
Cameroon
67%
Canada
67%
Central African Republic
67%
Equatorial Guinea
67%
South Sudan
67%
Sudan
67%
Eritrea
50%
Ethiopia
50%
United Arab Emirates
50%
No matching quizzes found
Score Distribution
Percent of People with Each Score
Percentile by Number Answered
Your Score History
You have not taken this quiz